Wszystkie ulice w Lesku - Statystyki

Ogólne statystyki
  • Ten quiz został rozwiązany 13 razy
  • Średni wynik to 12 z 57
Statystyki odpowiedzi
Ulice % Poprawnych
14 Kościuszki
57%
25 Piłsudskiego
57%
35 Słowackiego
57%
36 Smolki
57%
6 Bieszczadzka
43%
16 Kwiatowa
43%
19 Moniuszki
43%
23 Parkowa
43%
30 Przemysłowa
43%
32 Sanowa
43%
43 Unii Brzeskiej
43%
45 Widokowa
43%
1 1000-lecia
29%
5 Berka Joselewicza
29%
8 Fredry
29%
11 Kazimierza Wielkiego
29%
12 Kochanowskiego
29%
13 Konopnickiej
29%
18 Mickiewicza
29%
24 Pieski Świat
29%
31 Rynek
29%
34 Słoneczna
29%
40 Szopena
29%
46 Wiejska
29%
56 Źródlana
29%
2 Akacjowa
14%
4 Basztowa
14%
9 Grunwaldzka
14%
20 Ogrodowa
14%
21 Osiedlowa
14%
22 Ossolińskich
14%
26 Piotra Kmity
14%
28 Plac Pułaskiego
14%
29 Podgórska
14%
33 Sienkiewicza
14%
37 Spacerowa
14%
38 Spokojna
14%
39 Stawowa
14%
42 Turystyczna
14%
44 Waryńskiego
14%
47 Wierzbowa
14%
48 Wincentego Pola
14%
49 Wincentego Witosa
14%
50 Wolańska
14%
51 Wspólna
14%
57 Żeromskiego
14%
3 Al. Jana Pawła II
0%
7 Broniewskiego
0%
10 Jesionowa
0%
15 Krasickich
0%
17 Łazienna
0%
27 Plac Konstytucji 3 Maja
0%
41 Śliżyńskiego
0%
52 Wyspiańskiego
0%
53 Zasanie
0%
54 Zielona
0%
55 Zygmunta Kaczkowskiego
0%
Nie znaleziono quizów pasujących do podanych kryteriów
Rozkład punktacji
Procent ludzi z każdym wynikiem
Percentyl według liczby udzielonych odpowiedzi
Twoja historia wyników
Nie rozwiązałeś tego quizu